<?xml version="1.0" encoding="UTF-8"?>
<record
    xmlns:xsi="http://www.w3.org/2001/XMLSchema-instance"
    xsi:schemaLocation="http://www.loc.gov/MARC21/slim http://www.loc.gov/standards/marcxml/schema/MARC21slim.xsd"
    xmlns="http://www.loc.gov/MARC21/slim">

  <leader>01813nam a2200193 a 4500</leader>
  <controlfield tag="008">190917s2005    ag  |||g |||| 001 0 spa d</controlfield>
  <datafield tag="020" ind1=" " ind2=" ">
    <subfield code="a">987115450</subfield>
  </datafield>
  <datafield tag="092" ind1=" " ind2=" ">
    <subfield code="c">808.82</subfield>
    <subfield code="l">25</subfield>
    <subfield code="s">FIN</subfield>
  </datafield>
  <datafield tag="100" ind1="1" ind2=" ">
    <subfield code="a">Finzi, Alejandro</subfield>
    <subfield code="9">3274</subfield>
  </datafield>
  <datafield tag="245" ind1=" " ind2=" ">
    <subfield code="a">Patagonia, corral de estrellas.</subfield>
    <subfield code="b">Ciclo de obras de teatro patag&#xF3;nico /</subfield>
    <subfield code="c">Alejandro Finzi</subfield>
  </datafield>
  <datafield tag="250" ind1=" " ind2=" ">
    <subfield code="a">1a ed.</subfield>
  </datafield>
  <datafield tag="260" ind1=" " ind2=" ">
    <subfield code="a">Neuquen:</subfield>
    <subfield code="b">EDUCO;</subfield>
    <subfield code="c">2005.</subfield>
  </datafield>
  <datafield tag="300" ind1=" " ind2=" ">
    <subfield code="a">320 p.</subfield>
  </datafield>
  <datafield tag="500" ind1=" " ind2=" ">
    <subfield code="a">Finzi, A. (2005). Patagonia, corral de estrellas. Ciclo de obras de teatro patag&#xF3;nico. (1a ed.). Neuqu&#xE9;n : EDUCO.</subfield>
  </datafield>
  <datafield tag="505" ind1=" " ind2=" ">
    <subfield code="a">Alejando Finzi, naci&#xF3; en Buenos Aires en 1951 y desde 1984 vive en Neuqu&#xE9;n. Autor teatral, veintisiete de sus obras han llegado a escena en el pa&#xED;s, pa&#xED;ses latinoamericanos y europeos. Sus textos han sido publicados en Argentina y Francia. Traducidos a diferentes idiomas, han recibido distinciones regionales, nacionales e internacionales. Entre su producci&#xF3;n m&#xE1;s difundida se encuentran las ocho obras que re&#xFA;ne este volumen. Ellas integran un ciclo que podr&#xED;a, por su atm&#xF3;sfera y tem&#xE1;tica, denominarse "patag&#xF3;nico", ya que proponen a la escena una serie de personajes que habitaron el sur, haciendo de &#xE9;l un territorio de sue&#xF1;os y aventuras. Finzi es docente de la Facultad de Humanidades de la Universidad Nacional del Comahue. El pr&#xF3;logo de esta antolog&#xED;a pertenece a la docente e investigadora Mar&#xED;a Amelia Bustos Fern&#xE1;ndez de Chiocconi. Integran la presente edici&#xF3;n de EDUCO las siguientes obras: "Camino de Cornisa", "Benigar", "Mart&#xED;n Bresler", "Chaneton", "La isla del fin del siglo", "El secreto de la Isla Huemul", "Bairoletto y Germinal" y "Patagonia, corral de estrellas o el &#xFA;ltimo vuelo de Saint-Exup&#xE9;ry".     </subfield>
  </datafield>
  <datafield tag="590" ind1=" " ind2=" ">
    <subfield code="a"> Proyecto 4to libro, donacion EDUCO septiembre 2017.</subfield>
  </datafield>
  <datafield tag="655" ind1=" " ind2=" ">
    <subfield code="a">Teatro</subfield>
    <subfield code="9">3268</subfield>
  </datafield>
  <datafield tag="942" ind1=" " ind2=" ">
    <subfield code="2">ddc</subfield>
    <subfield code="c">LIT</subfield>
  </datafield>
  <datafield tag="999" ind1=" " ind2=" ">
    <subfield code="c">2453</subfield>
    <subfield code="d">2453</subfield>
  </datafield>
  <datafield tag="952" ind1=" " ind2=" ">
    <subfield code="0">0</subfield>
    <subfield code="1">0</subfield>
    <subfield code="2">ddc</subfield>
    <subfield code="4">0</subfield>
    <subfield code="7">0</subfield>
    <subfield code="8">NFIC</subfield>
    <subfield code="a">BFM</subfield>
    <subfield code="b">BFM</subfield>
    <subfield code="c">CR</subfield>
    <subfield code="d">2017-09-19</subfield>
    <subfield code="l">0</subfield>
    <subfield code="o">808.82 25 FIN</subfield>
    <subfield code="p">3907</subfield>
    <subfield code="r">2017-09-19</subfield>
    <subfield code="t">Ej.1</subfield>
    <subfield code="w">2017-09-19</subfield>
    <subfield code="y">LIT</subfield>
    <subfield code="z">Proyecto 4to Libro. Donaci&#xF3;n Educo , Septiembre 2017</subfield>
  </datafield>
  <datafield tag="952" ind1=" " ind2=" ">
    <subfield code="0">0</subfield>
    <subfield code="1">0</subfield>
    <subfield code="2">ddc</subfield>
    <subfield code="4">0</subfield>
    <subfield code="7">0</subfield>
    <subfield code="8">NFIC</subfield>
    <subfield code="a">BFM</subfield>
    <subfield code="b">BFM</subfield>
    <subfield code="c">CR</subfield>
    <subfield code="d">2017-09-19</subfield>
    <subfield code="l">0</subfield>
    <subfield code="o">808.82 25 FIN</subfield>
    <subfield code="p">3908</subfield>
    <subfield code="r">2017-09-19</subfield>
    <subfield code="t">Ej.2</subfield>
    <subfield code="w">2017-09-19</subfield>
    <subfield code="y">LIT</subfield>
    <subfield code="z">Proyecto 4to Libro. Donaci&#xF3;n Educo , Septiembre 2017</subfield>
  </datafield>
</record>
